A retrospective review of factors associated with mortality and the microbiology pattern of bacteremia in patients treated for febrile neutropenia in the Hematology Ward at the University of Malaya Medical Center /
Saved in:
| Main Author: | |
|---|---|
| Format: | Thesis Serial |
| Language: | English |
| Published: |
2009.
|
| Subjects: | |
| Tags: |
Add Tag
No Tags, Be the first to tag this record!
|
| LEADER | 01207cas a2200277 a 4500 | ||
|---|---|---|---|
| 001 | u781990 | ||
| 003 | SIRSI | ||
| 005 | 200911111728 | ||
| 008 | 020522a2009 my a t eng | ||
| 035 | |a a781990 | ||
| 040 | |a UMP | ||
| 043 | |a a-my-wp | ||
| 096 | |a WB115 |b UM 2009 Suham | ||
| 100 | 0 | |a Suhaida Ahmad Maulana. | |
| 245 | 1 | 2 | |a A retrospective review of factors associated with mortality and the microbiology pattern of bacteremia in patients treated for febrile neutropenia in the Hematology Ward at the University of Malaya Medical Center / |c Suhaida Ahmad Maulana. |
| 260 | |c 2009. | ||
| 300 | |a x, 51 leaves : |b ill. ; |c 30 cm. | ||
| 502 | |a Dissertation (M.Int.Med.) -- Department of Medicine, Faculty of Medicine, University of Malaya, 2009. | ||
| 504 | |a Bibliography: leaves 46-51. | ||
| 650 | 1 | 2 | |a Neutropenia |x complications |z Kuala Lumpur (W.P.). |
| 650 | 2 | 2 | |a Anti-Bacterial Agents |x therapeutic use |z Kuala Lumpur (W.P.). |
| 650 | 2 | 2 | |a Bacterial Infections |x complications |z Kuala Lumpur (W.P.). |
| 710 | 2 | |a Universiti Malaya. |b Jabatan Perubatan. | |
| 900 | |a RAH | ||
| 596 | |a 2 | ||
| 999 | |a WB115 UM 2009 SUHAM |w NLM |c 1 |i A503138732 |d 3/12/2009 |f 3/12/2009 |g 1 |l TESIS |m P02MEDKL |r Y |s Y |t TESIS |u 3/12/2009 | ||
